Normal view
MARC view
Entry Personal Name
001 - CONTROL NUMBER
- control field: 19590
003 - CONTROL NUMBER IDENTIFIER
- control field: ENAL
005 - DATE AND TIME OF LATEST TRANSACTION
- control field: 20180718102022.0
008 - FIXED-LENGTH DATA ELEMENTS
- fixed length control field: 180718|| aca||aabn | a|a d
040 ## - CATALOGING SOURCE
- Original cataloging agency: ENAL
- Transcribing agency: ENAL
100 ## - HEADING--PERSONAL NAME
- Personal name: Ghoname, M. S.
670 ## - SOURCE DATA FOUND
- Source citation: Work cat.: (ENAL)61598: Fouda, T. Z. 19093, Minimize energy requirmenete for heating broiler hosuing